000 01574nam a22002897a 4500
001 1368
005 20230822133813.0
008 230822b cb ||||| |||| 00| 0 khr d
020 _a9789995054281
040 _aFISKH
_beng
_cFISKH
_dFISKH
082 _a616.8522
100 _aDary, Heng
245 _aនាងខ្មូរ /
_cនិពន្ធដោយ ហេង ដារី -​​ គូររូបដោយ Margherita del Balzo
250 _aបោះពុម្ពលើកទី ៨ ខែកក្កដា ឆ្នាំ​ ២០២១
260 _aPhnom Penh :
_bSipar,
_c2021.
300 _a36 pages :
_bcolor illustrations ;
_c24 cm
490 _aខ្ញុំចង់អាន
505 _aP
520 _aនាងខ្មូរ ជានារីម្នាក់ដែលអៀនប្រៀនខ្លាំងណាស។ តែដោយសារសេចក្ដីស្នេហា និងភាពក្លាហានរបស់ខ្លួន នាងខ្មូរបានរំដោះសុផលពីកណ្ដាប់ដៃនាងយក្ខិនី ដោយជោគជ័យ។
520 _aNeang Khmou is a woman who is very shy. But because of her love and courage, Neang Khmou successfully liberated Sophal from​ a giant monster.
521 _a650
_bLexile estimate
521 _aP
_bRaz-Plus
650 _aអៀន
_vស្រលាញ់
_xក្លាហាន
650 _aShy
_vLove
_xCourage
700 _aBalzo, Margherita del
_cillustrator
942 _2ddc
_cBK
_n0
999 _c1368
_d1368